| 000 | 00466nam a22001697a 4500 | ||
|---|---|---|---|
| 003 | NUST - PNEC | ||
| 005 | 20170116181131.0 | ||
| 008 | 150919b xxu||||| |||| 00| 0 eng d | ||
| 020 | _a013781576X | ||
| 040 | _cLIBRARY | ||
| 082 | _a628.9 BHA | ||
| 100 |
_911169 _aBhattacharyya, Tapan Kumar |
||
| 245 |
_aRobust control : The parametric approach _cTapan Kumar Bhattacharyya |
||
| 260 | _cc.1995 | ||
| 650 |
_913981 _aAutomatic control _xMIS |
||
| 942 |
_2ddc _cBK |
||
| 999 |
_c69977 _d69977 |
||